| 000 | 01353nam0a22002771 4500 | ||
|---|---|---|---|
| 001 | v19\rc\1699914 | ||
| 005 | 20260407224642.0 | ||
| 035 | _a(NLR Aleph) 004802028 | ||
| 090 |
_a4839097 _c4839097 |
||
| 100 | _a20061002d1900 |||y0rusy50 ca | ||
| 101 | 0 | _arus | |
| 102 | _aRU | ||
| 105 | _ay b ||||| | ||
| 200 | 1 | _aКаталог XXVIII-й Передвижной выставки картин Товарищества передвижных художественных выставок в помещении имп. общества поощрения художеств | |
| 210 |
_aСанкт-Петербург _d1900 |
||
| 215 |
_a23 с. _d16 |
||
| 532 | 1 | 1 | _aКаталог Двадцать восьмой Передвижной выставки картин Товарищества передвижных художественных выставок в помещении имп. общества поощрения художеств |
| 710 | 0 | 2 |
_aТоварищество передвижных художественных выставок _bВыставка _cПетербург _d28 _f1900 _9801102 _3RU\NLR\AUTH\8810152986 |
| 801 | 0 |
_aRU _bNLR _gpsbo |
|
| 801 | 0 |
_aRU _bRuMoRGB _2psbo |
|
| 801 | 1 |
_aRU _bProSoft-M _2rusmarc |
|
| 852 |
_aNLR _j34.82.4.799(28) |
||
| 899 |
_aRuMoRGB _jU 247/336 |
||
| 942 | _cBOOK | ||
| 980 | _aNB | ||